Guess Twice MV From Release Date - Statistics

General Stats
  • This quiz has been taken 38 times
    14 since last reset
  • The average score is 32 of 54
Answer Stats
Answer % Correct
Breakthrough
100%
CHEER UP
100%
ENEMY
100%
Feel Special
100%
HAPPY HAPPY
100%
Hare Hare
100%
Heart Shaker
100%
KNOCK KNOCK
100%
Like OOH-AHH
100%
LIKEY
100%
Merry & Happy
100%
One More Time
100%
ONE SPARK
100%
SIGNAL
100%
Strategy (with Megan Thee Stallion)
100%
TT
100%
What is Love?
100%
Alcohol-Free
50%
BDZ
50%
BETTER
50%
BRAND NEW GIRL
50%
Candy Pop
50%
Celebrate
50%
Chaeyoung - SHOOT (Firecracker)
50%
Dance The Night Away
50%
DIVE
50%
Doughnut
50%
Fake & True
50%
FANCY
50%
Fanfare
50%
I CAN'T STOP ME
50%
I GOT YOU
50%
Jihyo - Killin' Me Good
50%
Kura Kura
50%
Misamo - Do not touch
50%
Misamo - Marshmallow
50%
MOONLIGHT SUNRISE
50%
MORE & MORE
50%
Nayeon - ABCD
50%
Nayeon - POP!
50%
SCIENTIST
50%
SET ME FREE
50%
Talk that Talk
50%
The Feels
50%
THIS IS FOR
50%
Tzuyu - Run Away
50%
Wake Me Up
50%
I WANT YOU BACK
0%
Misamo - Identity
0%
Misamo - NEW LOOK
0%
Perfect World
0%
STAY BY MY SIDE
0%
The Best Thing I Ever Did
0%
YES or YES
0%
No matching quizzes found
Score Distribution
Percent of People with Each Score
Percentile by Number Answered
Your Score History
You have not taken this quiz since the last reset